00175nam a2200073Ia 4500008004100000100001300041245002900054260001800083170817s9999 xx 000 0 und d aMishra.L 0aTeaching Of Mathematics bA. P. H. PUB.